000 00494 a2200169 4500
999 _c3165
_d3165
020 _a9781779032980
050 _aQ 85.8 CHA 2006
100 _aChaunduka K.
_d2006
_eauthor
245 _aJunior Secondary Science
_bStudents' book 2/
_cChaunduka K. ,Mutodi M. and Schulleri P.
264 _aHarare
_bLongman
_c2006
300 _a148p.:
_bill.
500 _aincludes indexes
650 _ascience
700 _aMutodi M.
_e author
700 _aSchuleri P.
_eauthor
942 _2lcc
_cBK
_h85.8
_iCHA
_kQ